Tai họa sắp đến và những phương pháp để ngăn ngừa tai họa đó

Bàn về thỏa hiệp; Bàn về cương lĩnh của Đảng; Tai họa sắp đến và những phương pháp ngăn ngừa tai họa đó; Cách mạng Nga và nội chiến; chủ nghĩa Mác và khởi nghĩa

Sparad:
Bibliografiska uppgifter
Huvudupphovsman: Lenin, Vladimir Ilyich
Materialtyp: Bok
Språk:Undetermined
Publicerad: Hà Nội Sự thật 1958
Ämnen:
Taggar: Lägg till en tagg
Inga taggar, Lägg till första taggen!
Thư viện lưu trữ: Trung tâm Học liệu Trường Đại học Cần Thơ
LEADER 00872nam a2200205Ia 4500
001 CTU_224069
008 210402s9999 xx 000 0 und d
082 |a 335.43 
082 |b L565 
100 |a Lenin, Vladimir Ilyich 
245 0 |a Tai họa sắp đến và những phương pháp để ngăn ngừa tai họa đó 
245 0 |c Vladimir Ilyich Lenin 
260 |a Hà Nội 
260 |b Sự thật 
260 |c 1958 
520 |a Bàn về thỏa hiệp; Bàn về cương lĩnh của Đảng; Tai họa sắp đến và những phương pháp ngăn ngừa tai họa đó; Cách mạng Nga và nội chiến; chủ nghĩa Mác và khởi nghĩa 
650 |a Communism,Chủ nghĩa cộng sản 
904 |i Giang 
910 |b dqhieu 
980 |a Trung tâm Học liệu Trường Đại học Cần Thơ